Normal view
MARC view
- الجيولوجيا الاقتصادية -- الأردن -معادن
Entry Topical Term
001 - CONTROL NUMBER
- control field: 39688
003 - CONTROL NUMBER IDENTIFIER
- control field: JO-AjAnu
005 - DATE AND TIME OF LATEST TRANSACTION
- control field: 20230606080610.0
008 - FIXED-LENGTH DATA ELEMENTS
- fixed length control field: 230606|| aca||aabn | a|a d
040 ## - CATALOGING SOURCE
- Original cataloging agency: JO-AjAnu
- Transcribing agency: JO-AjAnu
150 ## - HEADING--TOPICAL TERM
- Topical term or geographic name entry element: الجيولوجيا الاقتصادية -- الأردن -معادن
670 ## - SOURCE DATA FOUND
- Source citation: Work cat.: (JO-AjAnu)20350: منيزل، سامر، م. مشارك بسام الصناع, author 39687, خامات احجار الزينة في الاردن